Urban Design Since 1945-A Global Perspective (Record no. 5370)

000 -LEADER
fixed length control field 00286nam a2200109Ia 4500
008 - FIXED-LENGTH DATA ELEMENTS--GENERAL INFORMATION
fixed length control field 200302s9999 xx 000 0 und d
100 ## - MAIN ENTRY--PERSONAL NAME
Personal name David Grahame Shane
245 ## - TITLE STATEMENT
Title Urban Design Since 1945-A Global Perspective
260 ## - PUBLICATION, DISTRIBUTION, ETC.
Name of publisher, distributor, etc. John- Wiley & Sons, Inc.,
260 ## - PUBLICATION, DISTRIBUTION, ETC.
Date of publication, distribution, etc. 2011
300 ## - PHYSICAL DESCRIPTION
Extent 360
Holdings
Withdrawn status Lost status Damaged status Not for loan Permanent Location Current Location Date acquired Cost, normal purchase price Total Checkouts Full call number Barcode Date last seen Date last checked out Price effective from Koha item type
        BMS College of Architecture, Design and Planning BMS College of Architecture, Design and Planning 2020-03-03 3320.25 1 711.409045 CL-PG23462 2025-10-06 2025-09-30 2020-03-03 PG Books from CL
Copyright © 2025, The Librarian, Library and Information Centre, BMSCA D&P, Bengaluru. All Rights Reserved
web counter

Powered by Koha